Statistics for Best NBA Players of all time

Click here to take the quiz!

General Stats

  • This quiz has been taken 35 times
    (14 since last reset)
  • The average score is 9 of 10

Answer Stats

Player% Correct
1Michael Jordan
100%
3Kareem Abdul-Jabbar
93%
9Kobe Bryant
93%
2LeBron James
93%
10Shaquille O'Neal
86%
7Tim Duncan
86%
5Wilt Chamberlain
86%
4Magic Johnson
79%
8Bill Russell
71%
6Larry Bird
71%

Score Distribution

Percentile by Number Answered

Percent of People with Each Score

Your Score History

You have not taken this quiz since the last reset